000
00388cam a2200181ua 4500
020
_c
2.50
041
_a
mal
_h
082
_a
954.83
_b
KUN/AN
100
_a
Kunjan, Pillai P.N .
245
_a
Annathe Keralam
260
_a
:
_b
P.N Kunjan Pillai ,
_c
1965.
300
_a
177 ; .
365
_a
2.50
504
_a
942
_c
BK
999
_c
4355
_d
4355